[Event "Kolkata DBCA op 5th"]
[Site "Kolkata"]
[Date "2024.04.12"]
[Round "2"]
[White "Arindam, Mukherjee"]
[Black "Diproneel, Barman"]
[Result "1-0"]
[WhiteElo "1990"]
[BlackElo "1636"]
[PlyCount "95"]
[EventDate "2024.04.11"]
[EventType "swiss"]
[EventRounds "9"]
[EventCountry "IND"]
[SourceTitle "CB17_2024"]
[SourceDate "2024.04.24"]
[SourceVersion "1"]
[SourceVersionDate "2024.04.24"]
[SourceQuality "1"]

1. d4 Nf6 2. c4 g6 3. Nc3 Bg7 4. e4 d6 5. f3 c6 6. Be3 Nbd7 7. g4 Qc7 8. Nge2 a6 9. Ng3 h6 10. Be2 b6 11. Qd2 Bb7 12. b4 e6 13. a4 c5 14. bxc5 bxc5 15. d5 exd5 16. cxd5 Ne5 17. 0-0 c4 18. Rab1 Rb8 19. h3 Ned7 20. Kg2 Nc5 21. Bxc4 Ncd7 22. Be2 Kf8 23. Rfc1 Nc5 24. Na2 Nfd7 25. Bd4 Kg8 26. Nb4 Kh7 27. Bxg7 Kxg7 28. Bxa6 Qa5 29. Bb5 Nb6 30. Qd4+ f6 31. Nc6 Bxc6 32. dxc6 Nc8 33. Ne2 Rd8 34. Nf4 Ne7 35. h4 Kf7 36. g5 hxg5 37. hxg5 fxg5 38. Bc4+ d5 39. Nxd5 Nxd5 40. Bxd5+ Ne6 41. Rxb8 Rxb8 42. Rh1 Qb6 43. Rh7+ Ke8 44. Qh8+ Nf8 45. Qe5+ Kd8 46. Qd6+ Kc8 47. Qxf8+ Qd8 48. Be6# 1-0

[Event "Bampada Balasore op 2nd"]
[Site "Bampada"]
[Date "2017.05.10"]
[Round "9"]
[White "Nayak, Rajesh"]
[Black "Arindam, Mukherjee"]
[Result "1/2-1/2"]
[WhiteElo "2067"]
[BlackElo "2103"]
[PlyCount "83"]
[EventDate "2017.05.05"]
[EventType "swiss"]
[EventRounds "9"]
[EventCountry "IND"]
[SourceTitle "CBM 178 Extra"]
[Source "ChessBase"]
[SourceDate "2017.06.22"]
[SourceVersion "1"]
[SourceVersionDate "2017.06.22"]
[SourceQuality "1"]

1. e4 e5 2. Nf3 Nf6 3. Nc3 Nc6 4. Bb5 Bb4 5. 0-0 0-0 6. d3 Bxc3 7. bxc3 d6 8. Bg5 Ne7 9. Nh4 c6 10. Ba4 Ne8 11. Bb3 Be6 12. d4 Bxb3 13. cxb3 f6 14. Be3 g5 15. Qg4 Ng7 16. Nf3 h5 17. Qg3 Qe8 18. dxe5 Nef5 19. exf5 Nxf5 20. exf6 Nxg3 21. hxg3 g4 22. Nd4 Qg6 23. Ne2 Rae8 24. Nf4 Qf5 25. Rad1 Rxf6 26. Bd4 Rf7 27. Bxa7 Rfe7 28. Rxd6 Re1 29. Rd1 Rxd1 30. Rxd1 Qc2 31. Rf1 Qxc3 32. Be3 Ra8 33. Rc1 Qb4 34. Rc5 Rxa2 35. Rg5+ Kf7 36. Rf5+ Ke8 37. Re5+ Kd7 38. Bc5 Qc3 39. Re7+ Kc8 40. Re8+ Kd7 41. Re7+ Kc8 42. Re8+ 1/2-1/2

[Event "Kolkata op 6th"]
[Site "Kolkata"]
[Date "2013.12.06"]
[Round "1"]
[White "Arindam, Mukherjee"]
[Black "Das, Arghyadip"]
[Result "0-1"]
[WhiteElo "2224"]
[BlackElo "2472"]
[PlyCount "84"]
[EventDate "2013.12.06"]
[EventType "swiss"]
[EventRounds "10"]
[EventCountry "IND"]
[SourceTitle "CBM 157 Extra"]
[Source "ChessBase"]
[SourceDate "2013.12.19"]
[SourceVersion "1"]
[SourceVersionDate "2013.12.19"]
[SourceQuality "1"]

1. e4 c5 2. Nf3 d6 3. Bb5+ Nc6 4. 0-0 Bd7 5. c4 g6 6. Nc3 Bg7 7. d3 Nf6 8. Bd2 0-0 9. Nd5 Ne8 10. Bc3 e6 11. Bxg7 Nxg7 12. Nc3 e5 13. Bxc6 bxc6 14. Qd2 f5 15. Qh6 Ne6 16. h4 Qe7 17. Ng5 Nd4 18. Rae1 f4 19. f3 Qg7 20. Qxg7+ Kxg7 21. Kf2 h6 22. Nh3 Kf6 23. g4 fxg3+ 24. Kxg3 Bxh3 25. Kxh3 Kg7 26. Kg3 Rf6 27. Rf2 Raf8 28. Ref1 Ne6 29. Ne2 Rb8 30. b3 Rbf8 31. Rh2 h5 32. Rhf2 a5 33. Ng1 Nf4 34. Rd2 Kh6 35. Ne2 Ne6 36. Ng1 g5 37. hxg5+ Nxg5 38. Rdf2 Ne6 39. Ne2 Kg5 40. Rh2 R8f7 41. Kg2 Kg6 42. Kg3 Rf8 0-1

[Event "IND-ch 50th"]
[Site "Kolkata"]
[Date "2012.10.12"]
[Round "11"]
[White "Arindam, Mukherjee"]
[Black "Sundararajan, Kidambi"]
[Result "0-1"]
[WhiteElo "2265"]
[BlackElo "2450"]
[PlyCount "61"]
[EventDate "2012.10.01"]
[EventType "swiss"]
[EventRounds "13"]
[EventCountry "IND"]
[SourceTitle "CBM 150 Extra"]
[Source "ChessBase"]
[SourceDate "2012.10.19"]
[SourceVersion "1"]
[SourceVersionDate "2012.10.19"]
[SourceQuality "1"]

1. d4 Nf6 2. Nf3 e6 3. e3 b6 4. Be2 Bb7 5. 0-0 d5 6. b3 Bd6 7. Bb2 Nbd7 8. Nbd2 0-0 9. c4 c5 10. Rc1 Rc8 11. Qc2 Bb8 12. Qb1 Ne4 13. Rfd1 f5 14. g3 Qe7 15. Ne5 cxd4 16. exd4 Nxe5 17. dxe5 f4 18. Bd4 fxg3 19. hxg3 Nxd2 20. Rxd2 Qg5 21. Be3 Qxe5 22. cxd5 Rxc1+ 23. Qxc1 Bxd5 24. Rd4 Qf6 25. Rh4 Be5 26. Qc2 g6 27. Bc4 Bxg3 28. fxg3 Qf3 29. Qf2 Qd1+ 30. Bf1 Rxf2 31. Bxf2 0-1

[Event "IND-ch 50th"]
[Site "Kolkata"]
[Date "2012.10.10"]
[Round "9"]
[White "Arindam, Mukherjee"]
[Black "Praveen Kumar, Chandrasekar"]
[Result "0-1"]
[WhiteElo "2265"]
[BlackElo "2330"]
[PlyCount "108"]
[EventDate "2012.10.01"]
[EventType "swiss"]
[EventRounds "13"]
[EventCountry "IND"]
[SourceTitle "CBM 150 Extra"]
[Source "ChessBase"]
[SourceDate "2012.10.19"]
[SourceVersion "1"]
[SourceVersionDate "2012.10.19"]
[SourceQuality "1"]

1. d4 e6 2. Nf3 Nf6 3. Bg5 c5 4. c3 d5 5. e3 Be7 6. Nbd2 0-0 7. Bd3 b6 8. Ne5 Bb7 9. 0-0 Ne4 10. Bxe7 Qxe7 11. f4 f6 12. Nef3 Nd7 13. Qc2 f5 14. Ne5 Ndf6 15. a4 a6 16. a5 b5 17. Ndf3 Rfc8 18. Qe2 cxd4 19. Nxd4 Nd6 20. g4 Nfe4 21. Rfc1 Rf8 22. Rc2 Nc4 23. Bxe4 Nxe5 24. Bf3 Nc4 25. b3 Nd6 26. Qg2 Kh8 27. Re1 fxg4 28. Qxg4 Rf6 29. Kh1 Raf8 30. Rg2 Nf5 31. Bd1 Bc8 32. Bc2 Nxd4 33. cxd4 e5 34. Qh5 e4 35. Reg1 Rf5 36. Qe2 g6 37. Bd1 R5f6 38. Rg5 Bf5 39. Qd2 Rc6 40. b4 Rfc8 41. Bb3 Qd7 42. R5g3 Rc3 43. Qa2 Qd6 44. h4 Qe7 45. Bd1 Qxh4+ 46. Kg2 Qd8 47. Rh1 Qd6 48. Kf2 R8c4 49. Rg2 Qxb4 50. Rgh2 g5 51. fxg5 Rd3 52. Be2 Rd2 53. Qa1 Rcc2 54. Kf1 Rb2 0-1

[Event "IND-ch 50th"]
[Site "Kolkata"]
[Date "2012.10.03"]
[Round "3"]
[White "Ghosh, Diptayan"]
[Black "Arindam, Mukherjee"]
[Result "1-0"]
[WhiteElo "2415"]
[BlackElo "2265"]
[PlyCount "95"]
[EventDate "2012.10.01"]
[EventType "swiss"]
[EventRounds "13"]
[EventCountry "IND"]
[SourceTitle "CBM 150 Extra"]
[Source "ChessBase"]
[SourceDate "2012.10.19"]
[SourceVersion "1"]
[SourceVersionDate "2012.10.19"]
[SourceQuality "1"]

1. c4 e6 2. g3 d5 3. Bg2 c6 4. Nf3 Nf6 5. 0-0 Bd6 6. d4 0-0 7. Nc3 Nbd7 8. Nd2 Re8 9. e4 dxe4 10. Ndxe4 Be7 11. Be3 Nxe4 12. Nxe4 Nf6 13. Nc3 Qc7 14. Re1 Bd7 15. Qb3 b6 16. Rac1 Rac8 17. Bf4 Bd6 18. Bg5 h6 19. Bxf6 gxf6 20. c5 Be7 21. Ne4 f5 22. Nd2 Bf6 23. Nf3 bxc5 24. Rxc5 Rb8 25. Qc2 Qd6 26. b3 Red8 27. Rc4 Rb4 28. Qc1 Kg7 29. Qa3 Rdb8 30. Ne5 Be8 31. Nd3 a5 32. Nxb4 axb4 33. Qc1 Ra8 34. Qd2 Rd8 35. Qxb4 Qxb4 36. Rxb4 c5 37. Rc4 cxd4 38. Bc6 Bxc6 39. Rxc6 d3 40. Rd1 e5 41. a4 e4 42. Rc4 h5 43. b4 Bd4 44. b5 Kf6 45. b6 Ke5 46. b7 Rb8 47. Rb1 d2 48. Rb5+ 1-0

[Event "IND-ch Challengers 50th"]
[Site "Tirupati"]
[Date "2012.05.28"]
[Round "13.8"]
[White "Suvrajit, Saha"]
[Black "Arindam, Mukherjee"]
[Result "1/2-1/2"]
[WhiteElo "2365"]
[BlackElo "2278"]
[PlyCount "50"]
[EventDate "2012.05.18"]
[EventType "swiss"]
[EventRounds "13"]
[EventCountry "IND"]
[SourceTitle "CBM 148 Extra"]
[Source "ChessBase"]
[SourceDate "2012.06.22"]
[SourceVersion "1"]
[SourceVersionDate "2012.06.22"]
[SourceQuality "1"]

1. d4 d5 2. c4 c6 3. Nf3 Nf6 4. cxd5 cxd5 5. Nc3 Nc6 6. Bf4 a6 7. e3 Bf5 8. Bd3 Bxd3 9. Qxd3 e6 10. 0-0 Bd6 11. Bxd6 Qxd6 12. Rfc1 0-0 13. Qe2 b5 14. h3 h6 15. Ne1 Rac8 16. Nd3 Nd7 17. Rc2 Ne7 18. Rac1 Qb8 19. f4 g6 20. Ne5 Nxe5 21. fxe5 Kg7 22. Nd1 Rxc2 23. Rxc2 Rc8 24. Qd2 Rxc2 25. Qxc2 Qc8 1/2-1/2

[Event "IND-chB 49th"]
[Site "Aurangabad"]
[Date "2011.06.24"]
[Round "11"]
[White "Arindam, Mukherjee"]
[Black "Rathnakaran, Kantholi"]
[Result "0-1"]
[WhiteElo "2271"]
[BlackElo "2414"]
[PlyCount "73"]
[EventDate "2011.06.16"]
[EventType "swiss"]
[EventRounds "13"]
[EventCountry "IND"]
[SourceTitle "CBM 143 Extra"]
[Source "ChessBase"]
[SourceDate "2011.08.29"]
[SourceVersion "1"]
[SourceVersionDate "2011.08.29"]
[SourceQuality "1"]

1. d4 Nf6 2. Nf3 g6 3. Nc3 d5 4. e3 b6 5. Ne5 Bb7 6. g4 Bg7 7. h4 Ne4 8. f4 Ng3 9. Bb5+ c6 10. Rg1 cxb5 11. Rxg3 b4 12. Ne2 Nc6 13. c3 bxc3 14. Nxc3 Nxe5 15. dxe5 a6 16. Ne2 e6 17. g5 h6 18. Bd2 hxg5 19. hxg5 Bf8 20. Bc3 Rc8 21. Qd2 b5 22. Rg1 Rh2 23. Rd1 Bc5 24. Bd4 Be7 25. Kf1 Kd7 26. Rg2 Qh8 27. Ng1 Rh1 28. Rc1 b4 29. Rxc8 Qxc8 30. b3 a5 31. Kf2 Ba6 32. Ne2 Qh8 33. Ng3 Qh4 34. Kf3 Qh3 35. Qc2 Bf1 36. Rf2 Rg1 37. Rxf1 0-1

[Event "IND-chB 49th"]
[Site "Aurangabad"]
[Date "2011.06.18"]
[Round "4"]
[White "Sangma, Rahul"]
[Black "Arindam, Mukherjee"]
[Result "1/2-1/2"]
[WhiteElo "2367"]
[BlackElo "2271"]
[PlyCount "121"]
[EventDate "2011.06.16"]
[EventType "swiss"]
[EventRounds "13"]
[EventCountry "IND"]
[SourceTitle "CBM 143 Extra"]
[Source "ChessBase"]
[SourceDate "2011.08.29"]
[SourceVersion "1"]
[SourceVersionDate "2011.08.29"]
[SourceQuality "1"]

1. e4 c5 2. Nf3 d6 3. d4 cxd4 4. Nxd4 Nf6 5. f3 Nc6 6. c4 e5 7. Nc2 Be6 8. Nc3 Be7 9. Be2 0-0 10. 0-0 Rc8 11. Kh1 Ne8 12. Be3 f5 13. exf5 Bxf5 14. Bd3 Be6 15. Qd2 Nf6 16. b3 d5 17. cxd5 Nxd5 18. Nxd5 Bxd5 19. Rfd1 Be6 20. Be4 Qxd2 21. Rxd2 a6 22. Rad1 h6 23. Bb6 Kf7 24. Bd5 Rfe8 25. Be4 Bf6 26. Ne3 Bg5 27. Rd6 Be7 28. R6d2 Bg5 29. Nc4 Bxd2 30. Nd6+ Ke7 31. Nxc8+ Rxc8 32. Rxd2 Kf7 33. Kg1 Re8 34. Rc2 Rc8 35. Kf2 Nb8 36. Rc7+ Rxc7 37. Bxc7 Nc6 38. Bxc6 bxc6 39. Bxe5 Bf5 40. Ke3 Bb1 41. a3 Bc2 42. b4 g6 43. Kd4 Ke6 44. Bf4 h5 45. Kc5 Kd7 46. g4 Bd1 47. Kb6 Be2 48. gxh5 gxh5 49. Be5 Bb5 50. f4 Ke6 51. Ka5 Bd3 52. Kb6 Bb5 53. Kc5 Ba4 54. Kc4 Kf5 55. Kd4 Bb5 56. Kc5 Ke6 57. Kb6 Kf5 58. Bb8 Ke6 59. Ka5 Bd3 60. a4 Bc2 61. f5+ 1/2-1/2

[Event "New Delhi Parsvnath op 9th"]
[Site "New Delhi"]
[Date "2011.01.08"]
[Round "2"]
[White "Arindam, Mukherjee"]
[Black "Kamble, Vikramaditya"]
[Result "1/2-1/2"]
[WhiteElo "2283"]
[BlackElo "2367"]
[PlyCount "77"]
[EventDate "2011.01.08"]
[EventType "swiss"]
[EventRounds "11"]
[EventCountry "IND"]
[SourceTitle "CBM 140 Extra"]
[Source "ChessBase"]
[SourceDate "2011.03.01"]
[SourceVersion "1"]
[SourceVersionDate "2011.03.01"]
[SourceQuality "1"]

1. Nc3 d5 2. d4 Bf5 3. Nf3 e6 4. a3 h6 5. Bf4 Nf6 6. e3 c5 7. Bxb8 Qxb8 8. Bb5+ Kd8 9. dxc5 Bxc5 10. Bd3 Bxd3 11. Qxd3 Ke7 12. 0-0 Rd8 13. Rad1 a6 14. Na4 Qc7 15. c4 Ba7 16. c5 Qc6 17. Qd4 Nd7 18. Rc1 Rac8 19. Qd1 a5 20. b4 axb4 21. axb4 Nf6 22. Nd4 Qe8 23. b5 Kf8 24. Qb3 Ne4 25. b6 Bb8 26. Qb4 Qe7 27. Rc2 Kg8 28. Rfc1 e5 29. Nb5 d4 30. exd4 exd4 31. Nxd4 Bxh2+ 32. Kxh2 Qe5+ 33. Kg1 Rxd4 34. Qb3 Rcd8 35. Nb2 Qf4 36. c6 bxc6 37. b7 Nd2 38. Qb6 Rb8 39. Rxc6 1/2-1/2

[Event "New Delhi Parsvnath op 7th"]
[Site "New Delhi"]
[Date "2009.01.15"]
[Round "6"]
[White "Arindam, Mukherjee"]
[Black "Gleizerov, Evgeny"]
[Result "1/2-1/2"]
[WhiteElo "2259"]
[BlackElo "2544"]
[PlyCount "80"]
[EventDate "2009.01.11"]
[EventType "swiss"]
[EventRounds "10"]
[EventCountry "IND"]
[SourceTitle "CBM 128 Extra"]
[Source "ChessBase"]
[SourceDate "2009.03.05"]
[SourceVersion "2"]
[SourceVersionDate "2009.03.25"]
[SourceQuality "1"]

1. d4 e6 2. e4 d5 3. exd5 exd5 4. Bd3 c5 5. Nf3 c4 6. Be2 Nf6 7. 0-0 Be7 8. b3 cxb3 9. cxb3 Nc6 10. Ne5 0-0 11. Bb2 Qb6 12. Nxc6 bxc6 13. Nc3 Ba6 14. Na4 Qb7 15. Rc1 Bxe2 16. Qxe2 Rfe8 17. Qd3 Bd6 18. Rfe1 Ne4 19. f3 Ng5 20. Qd2 h6 21. Rxe8+ Rxe8 22. Re1 Rxe1+ 23. Qxe1 Qc7 24. h3 Ne6 25. Bc3 Be7 26. Qe5 Bf6 27. Qxc7 Nxc7 28. Kf2 Ne6 29. Ke3 c5 30. Bb2 cxd4+ 31. Kf2 Nf4 32. Kf1 Kf8 33. Bc1 Nd3 34. Bd2 Ne5 35. f4 Nc6 36. Ke2 Ke7 37. b4 Nd8 38. b5 Ne6 39. f5 Nc7 40. Bb4+ Kd8 1/2-1/2

[Event "Chennai WinTV op 1st"]
[Site "Chennai"]
[Date "2004.01.27"]
[Round "8"]
[White "Abhay, T."]
[Black "Arindam, Mukherjee"]
[Result "1-0"]
[WhiteElo "2208"]
[BlackElo "2308"]
[PlyCount "105"]
[EventDate "2004.01.21"]
[EventType "swiss"]
[EventRounds "13"]
[EventCountry "IND"]
[SourceTitle "CBM 098 Extra"]
[Source "ChessBase"]
[SourceDate "2004.03.10"]
[SourceVersion "2"]
[SourceVersionDate "2004.03.10"]
[SourceQuality "1"]

1. e4 d6 2. d4 g6 3. Nc3 Bg7 4. Nf3 Nf6 5. h3 0-0 6. Be3 c6 7. a4 Qc7 8. a5 e5 9. dxe5 dxe5 10. Bc4 Nh5 11. Ne2 Nd7 12. Qc1 Qd6 13. b3 Nc5 14. Bxc5 Qxc5 15. Qa3 Qxa3 16. Rxa3 h6 17. 0-0 Kh7 18. Raa1 f5 19. Nc3 Nf4 20. Nd2 Bd7 21. Rad1 Rad8 22. Kh2 Bc8 23. g3 Ne6 24. Bxe6 Bxe6 25. Na4 Rd6 26. Nc5 Bc8 27. Nc4 Rxd1 28. Rxd1 fxe4 29. Nxe4 Be6 30. Rd6 Re8 31. a6 bxa6 32. Rxc6 Bf5 33. Ncd2 Re6 34. Rc7 g5 35. Rxa7 Rc6 36. c4 Kg6 37. g4 Be6 38. Rb7 Bc8 39. Rb8 h5 40. Kg3 hxg4 41. hxg4 a5 42. Rb5 a4 43. bxa4 Ba6 44. Rb8 Bc8 45. c5 Be6 46. Rb6 Bd5 47. a5 Bf8 48. a6 Be7 49. a7 Rxb6 50. cxb6 Bb4 51. f3 Kf7 52. Nb3 Ke7 53. Nbc5 1-0

[Event "Chennai WinTV op 1st"]
[Site "Chennai"]
[Date "2004.01.22"]
[Round "2"]
[White "Ashwin, Jayaram"]
[Black "Arindam, Mukherjee"]
[Result "1/2-1/2"]
[WhiteElo "2127"]
[BlackElo "2308"]
[PlyCount "56"]
[EventDate "2004.01.21"]
[EventType "swiss"]
[EventRounds "13"]
[EventCountry "IND"]
[SourceTitle "CBM 098 Extra"]
[Source "ChessBase"]
[SourceDate "2004.03.10"]
[SourceVersion "2"]
[SourceVersionDate "2004.03.10"]
[SourceQuality "1"]

1. e4 b6 2. d4 e6 3. Bd3 Bb7 4. Nd2 g6 5. Ngf3 Bg7 6. Qe2 d6 7. c3 Nd7 8. 0-0 Ne7 9. a4 0-0 10. a5 e5 11. a6 Bc8 12. dxe5 dxe5 13. b4 c6 14. Rd1 Qc7 15. Nb3 h6 16. c4 Re8 17. b5 c5 18. Nfd2 Nf8 19. Nf1 Ne6 20. Ne3 Nd4 21. Qb2 f5 22. Nxd4 exd4 23. Nd5 Nxd5 24. exd5 Bd7 25. Bd2 Re7 26. Re1 Rae8 27. Rxe7 Rxe7 28. Re1 Rxe1+ 1/2-1/2